000 00814cam a22002415a 4500
001 18936943
005 20171017131243.0
008 160114t2017 mdua frb 001 0 eng d
020 _a9781442252592
040 _aDLC
_beng
_cDLC
_dEG-ScBUE
082 0 4 _222
_a320
_bSMI
100 1 _aSmith, Alan G.
245 1 2 _aA comparative introduction to political science :
_bcontention and cooperation /
_cAlan G. Smith.
260 _aLanham :
_bRowman & Littlefield,
_cc.2017.
300 _a1 v. (Various pagings) :
_bill. ;
_c28 cm.
504 _aIncludes bibliographical references and index.
650 7 _aComparative government.
_2BUEsh
_96707
650 7 _aPolitical science
_vCross-cultural studies.
_2BUEsh
_934352
651 _2BUEsh
653 _bBUSBOL
_cOctober2017
655 _vText book
_933728
942 _2ddc
999 _c25489
_d25461